Jet Lag: The Game Trivia #1 - Statistics

General Stats
  • This quiz has been taken 186 times
  • The average score is 8 of 10
Answer Stats
Hint Answer % Correct
Who won Jet Lag: The Game Tag Across Europe? Adam Chase
94%
How many countries were visited during Tag Across Europe? 3
93%
What is lead character Sam's last name? Denby
92%
Who was the guest on Jet Lag Season 5 - Race to the End of the World? Toby Hendy
87%
What series is commonly known as 'Jet Lag Season 0', as it was not officially called Jet Lag yet? Crime Spree
83%
Who is the only guest to have appeared in multiple seasons of the show? Brian McManus
82%
In Connect Four, what river marked the edge of playable ground eastward? Mississippi River
76%
Where was the first and only 'neutral zone' designated? Tokyo Station
73%
What was the last state to be claimed by Ben and Adam in Season 4? Alaska
68%
In which Parisian station was Adam caught trying to take a train out west towards Rennes? Massy-Palaiseau
36%
No matching quizzes found
Score Distribution
Percent of People with Each Score
Percentile by Number Answered
Your Score History
You have not taken this quiz